000 00746nam a2200229 4500
003 OSt
005 20260601193842.0
008 260507b1991 enka|||| |||| 00| 0 eng d
020 _a0500276323
040 _aICI
_bspa
_cICI
050 _aNK1390
_bD67
100 1 _aDormer, Peter,
_92869
245 1 _aThe meanings of modern design :
_bTowards the twenty-first century /
_cPeter dormer
264 _bThames and Hudson,
_c1991
_aNew York :
300 _a192 páginas
_c23cm.
336 _atexto
_2rdacontent
337 _asin medio
_2rdamedia
338 _avolumen
_2rdacarrier
650 _aDiseño
_xHistoria
_xAspectos economicos
_ySiglo XX
_930879
650 _aDiseño industria
_xHistoria
_xAspectos economicos
_ySiglo XX
_930880
942 _2lcc
_cB
999 _c21484
_d21484